Методы расчета и опытные испытания новых центробежных устройств по переработке твердых дисперсных сред (Запись № 11404100)

Подробности
000 -МАРКЕР
контрольное поле 02157nam0a2200373 i 4500
001 - ИДЕНТИФИКАТОР ЗАПИСИ
контрольное поле RU\NLR\BIBL_A\011098063
005 - ИДЕНТИФИКАТОР ВЕРСИИ
контрольное поле 20260405191801.0
010 ## - МЕЖДУНАРОДНЫЙ СТАНДАРТНЫЙ НОМЕР КНИГИ (ISBN)
Номер (ISBN) 9785991404822
Тираж 500
021 ## - НОМЕР ГОСУДАРСТВЕННОЙ РЕГИСТРАЦИИ
Код страны российская федерация
Номер 2016-21005
Номер Листа государственной регистраци 1331
035 ## - ДРУГИЕ СИСТЕМНЫЕ НОМЕРА
Идентификатор записи (NILC)RuMoRGB-008248998
035 ## - ДРУГИЕ СИСТЕМНЫЕ НОМЕРА
Идентификатор записи (NLR Aleph) 011098063
100 ## - ДАННЫЕ ОБЩЕЙ ОБРАБОТКИ
Данные общей обработки 20160407d2015 k y0rusy50 ca
101 0# - ЯЗЫК РЕСУРСА
Язык текста, звукозаписи и т.д. русский
102 ## - СТРАНА ПУБЛИКАЦИИ ИЛИ ПРОИЗВОДСТВА
Страна публикации российская федерация
105 ## - ПОЛЕ КОДИРОВАННЫХ ДАННЫХ: ТЕКСТОВЫЕ МАТЕРИАЛЫ, МОНОГРАФИЧЕСКИЕ
Кодированные данные о монографическом текстовом документе a|||z|||000yy
200 1# - ЗАГЛАВИЕ И СВЕДЕНИЯ ОБ ОТВЕТСТВЕННОСТИ
Основное заглавие Методы расчета и опытные испытания новых центробежных устройств по переработке твердых дисперсных сред
Сведения, относящиеся к заглавию монография
Первые сведения об ответственности А.И. Зайцев, А.Б. Капранова, А.Е. Лебедев
Последующие сведения об ответственности М-во образования и науки Рос. Федерации, Федер. гос. бюджет. образоват. учреждение высш. проф. образования "Яросл. гос. техн. ун-т"
210 ## - ПУБЛИКАЦИЯ, РАСПРОСТРАНЕНИЕ И ДР.
Место издания, распространения и т.д. Ярославль
Имя издателя, распространителя и т. д. Издательский дом ЯГТУ
Дата издания, распространения и т.д. 2015
215 ## - ФИЗИЧЕСКАЯ ХАРАКТЕРИСТИКА
Специфическое обозначение материала и объем 123, [1] с.
Другие сведения о физической характеристике ил., цв. ил.
Размеры 20
320 ## - ПРИМЕЧАНИЯ О НАЛИЧИИ В ДОКУМЕНТЕ БИБЛИОГРАФИИ / УКАЗАТЕЛЯ
Текст примечания Библиогр.: с. 116-124 (96 назв.) и в тексте
606 ## - НАИМЕНОВАНИЕ ТЕМЫ КАК ПРЕДМЕТ
Наименование темы Смесители сыпучих материалов
Системный номер авторитетной/нормативной записи 1647395
Идентификатор авторитетной/нормативной записи RU\NLR\AUTH\661027405
606 ## - НАИМЕНОВАНИЕ ТЕМЫ КАК ПРЕДМЕТ
Наименование темы Порошкообразные материалы
Тематический подзаголовок Уплотнение
Системный номер авторитетной/нормативной записи 1946732
Идентификатор авторитетной/нормативной записи RU\NLR\AUTH\66890110
606 1# - НАИМЕНОВАНИЕ ТЕМЫ КАК ПРЕДМЕТ
Наименование темы Химическая аппаратура центробежная
Системный номер авторитетной/нормативной записи 1080875
Идентификатор авторитетной/нормативной записи RU\NLR\AUTH\66422440
686 ## - ИНДЕКСЫ ДРУГИХ КЛАССИФИКАЦИЙ
Индекс Л111.33-51
686 1# - ИНДЕКСЫ ДРУГИХ КЛАССИФИКАЦИЙ
Индекс Ж685
700 #1 - ИМЯ ЛИЦА - ПЕРВИЧНАЯ ОТВЕТСТВЕННОСТЬ
Материалы, к которым относится поле rus
Графика поля Кириллица
Начальный элемент ввода Зайцев
Часть имени, кроме начального элемента ввода А. И.
Дополнения к именам, кроме дат д-р техн. наук, теорет. механика
Расширение инициалов личного имени Анатолий Иванович
Идентификатор авторитетной/нормативной записи RU\NLR\AUTH\7754682
Системный номер авторитетной/нормативной записи 37614
701 #1 - ИМЯ ЛИЦА - АЛЬТЕРНАТИВНАЯ ОТВЕТСТВЕННОСТЬ
Материалы, к которым относится поле rus
Графика поля Кириллица
Начальный элемент ввода Капранова
Часть имени, кроме начального элемента ввода А. Б.
Расширение инициалов личного имени Анна Борисовна
Идентификатор авторитетной/нормативной записи RU\NLR\AUTH\7783762
Системный номер авторитетной/нормативной записи 66690
701 #1 - ИМЯ ЛИЦА - АЛЬТЕРНАТИВНАЯ ОТВЕТСТВЕННОСТЬ
Начальный элемент ввода Лебедев
Часть имени, кроме начального элемента ввода А. Е.
Дополнения к именам, кроме дат д-р техн. наук
Расширение инициалов личного имени Антон Евгеньевич
Системный номер авторитетной/нормативной записи 131526
Идентификатор авторитетной/нормативной записи RU\NLR\AUTH\770131560
801 #0 - ИСТОЧНИК ЗАПИСИ
Страна российская федерация
Организация РГБ
Дата составления 20160318
Правила каталогизации RCR
801 #1 - ИСТОЧНИК ЗАПИСИ
Страна российская федерация
Организация РГБ
Дата составления 20160318
Источник данных rusmarc
942 ## - ДОПОЛНИТЕЛЬНЫЕ ЭЛЕМЕНТЫ ЗАПИСИ (АБИС)
Тип экземпляра АБИС Книга
980 ## - КОЛЛЕКЦИЯ
Название коллекции НБР

Нет доступных экземпляров.